000 01355pam a2200325 a 4500
001 1507501
005 20060106091649.0
008 890406s1990 enk b 001 0 eng
010 _a89007284
020 _a0521373123 (hbk.)
020 _a0521389615 (pbk.)
040 _aDLC
_cDLC
_dDLC
050 0 0 _aJC311
_b.M38 1990
082 0 0 _a341.26
_220
_bMAY
100 1 _aMayall, James.
_96697
245 1 0 _aNationalism and International Society /
_cJames Mayall.
260 _aCambridge [England] ;
_aNew York :
_bCambridge University Press,
_cc1990.
300 _avi, 175 p. ;
_c24 cm.
440 0 _aCambridge studies in international relations ;
_v10
_96698
504 _aIncludes bibliographical references and index.
650 0 _aNationalism.
_96699
650 0 _aInternational agencies.
_96700
650 0 _aInternational relations.
_96701
650 0 _aInternational economic relations.
_96702
650 0 _aInternational society.
_96703
856 4 2 _3Publisher description
_uhttp://www.loc.gov/catdir/description/cam023/89007284.html
856 4 1 _3Table of contents
_uhttp://www.loc.gov/catdir/toc/cam022/89007284.html
942 _2ddc
_cBB
999 _c11964
_d11964